000 00496nam a2200217Ia 4500
003 OSt
005 20221005123346.0
006 a|||||r|||| 00| 0
007 ta
008 221004b |||||||| |||| 00| 0 eng d
024 _a120382
037 _cTextual
040 _aCRL
_cCRL
_beng
041 _2eng
_aeng
100 _aNigam R C
_9152547
245 0 _aLaw of crimes in India vol 1
260 _c1965
650 _aLAW
942 _cTEXL
_2cc
999 _c1047188
_d1047188